|
|
|
|
| LEADER |
01177nam a2200289 4500 |
| 001 |
42396 |
| 003 |
BD-DhAAL |
| 005 |
20240311151717.0 |
| 008 |
240311t19562006enka|||| |||| 001 0 eng d |
| 020 |
|
|
|a 9780752874517
|
| 020 |
|
|
|a 0752874519
|
| 040 |
|
|
|a BD-DhAAL
|d BD-DhAAL
|
| 082 |
|
|
|a 746.92092
|2 22
|
| 100 |
|
|
|a Houtte, Alison.
|9 56118
|
| 245 |
|
|
|a Alligators, old mink & new money :
|b one woman's adventures in vintage clothing /
|c Alison Houtte & Melissa Houtte.
|
| 246 |
|
|
|a Alligators, old mink, and new money
|
| 264 |
|
|
|a New York :
|b William Morrow,
|c c2006.
|
| 300 |
|
|
|a ix, 243 pages :
|b illustrations ;
|c 22 cm.
|
| 541 |
|
|
|e 42396
|
| 650 |
|
|
|a Vintage clothing
|x History
|y 20th century.
|9 56119
|
| 650 |
|
|
|a Women's clothing
|x History
|y 20th century.
|9 56120
|
| 650 |
|
|
|a Clothing trade.
|
| 650 |
|
|
|a Models (Persons)
|x Psychology
|9 56121
|
| 700 |
|
|
|a Houtte, Melissa.
|9 56122
|
| 942 |
|
|
|2 ddc
|c BK
|
| 999 |
|
|
|c 46450
|d 46450
|
| 952 |
|
|
|0 0
|1 0
|2 ddc
|4 0
|6 746_920920000000000_HOU
|7 0
|9 75238
|a SCL
|b SCL
|c GEN
|d 2024-03-11
|e Donation from the Asia Foundation/ Savar Campus
|l 0
|o 746.92092 HOU
|p 3020042396
|r 2024-03-11
|t 1
|w 2024-03-11
|y BK
|x Donation from the Asia Foundation/ Savar Campus
|